01537nam a2200241Ia 4500001000600000003000900006008004100015040001300056040001300069041001200082100001100094100002900105245005100134245005100185250001100236260001200247260002900259260004900288300004300337500084700380650003701227650003101264D1658IT-RoPAU130308s9999 xx 000 0 und d aIT-RoPAU cIT-RoPAU aINGLESE aAA.VV. gCodice Aut. SPICS: 12000 aEncyclopaedia Britannica-1995-Book of the Year bEncyclopaedia Britannica-1995-Book Of The Year a1a ed. aCHICAGO bEncyclopaedia Britannica c1995 [1° Ed.:1995 - Ed.Ling.Originale:1995] a"928 p. (prefazione: no ; testo: 928)" aEnciclopedia Britannica. Cronologia Mese per Mese degli Avvenimenti Piu' significativi del 1994 e che Riguardano Il Mondo Intero. Note Sui vari Preminobel dell'anno 1994: per la Pace, Economia, Chimica, Letteratura, Fisica,Fisiologia e Medicina. Note biografiche di Personaggi importanti Defunti Durante Il 1994 o che Hanno Fatto Qualcosa D'Importante nell'Anno. Eventi principali dell'anno Nei vari settori Dello Scibile Umano: Scienze Umane, Arte, Letteratura, Astronomia, Musica, Religione, Diritti Umani, sport con I vari Records, Cinema e Televisione. Schede Aggiornate delle varie nazioni del Mondo in Ordine Alfabetico. Statistiche comparative tra le varie nazioni Su: Area e Popolazione, Governo, Lingua, Religione, Città e Capitali, prodotti Principali, Industrie, Finanza, Comunicazioni, Servizi Sociali, Educazione. Bibliografia. aENCICLOPEDIE DI CULTURA GENERALE eCodice materia Spics: 1001